Countries Closest to Skopje - Statistics

General Stats
  • This quiz has been taken 579 times
  • The average score is 15 of 20
Answer Stats
km country miles % Correct
15 Kosovo 9
99%
32 Serbia 20
93%
67 Albania 42
92%
107 Greece 67
88%
84 Bulgaria 52
87%
128 Montenegro 79
86%
235 Bosnia and Herzegovina 146
84%
244 Croatia 152
81%
236 Romania 147
81%
317 Italy 197
75%
465 Hungary 289
72%
407 Turkey 253
72%
622 Slovenia 386
69%
667 Moldova 414
63%
668 Ukraine 415
62%
673 Austria 418
59%
678 Slovakia 421
58%
757 San Marino 471
45%
742 Vatican City 461
44%
794 Poland 403
41%
No matching quizzes found
Score Distribution
Percent of People with Each Score
Percentile by Number Answered
Your Score History
You have not taken this quiz